01076nam a2200289 a 450000100100000000500170001000800410002702000150006804000250008324500570010826000680016530000210023350000420025470000370029670000440033370000270037770000310040470000350043570000360047070000380050670000320054470000290057670000350060570000240064095201050066499900170076900003924020201002031546.0130617s1991 mx 000 0 spa d a9683617093 aDO-SdBNPbspacBNPHU03aLa utopía en América /cAlicia Mayer...[et.al.]. aMéxico :bUniversidad Nacional Autónoma de México,c1991. a152 p. ;c23 cm. aIncluye notas al pie de las páginas1 aCerutti Guldberg, Horacio9339371 aSánchez Macgrégor, Joaquín9556221 aVidales, Raúl9654431 aOrtíz C., Ignacio9654441 aMagallón Anaya, Mario9197851 aFlores Farfán, Leticia9654451 aVargas Martínez, Gustavo9654461 aVilchis Reyes, Jaime9654471 aCrocker, David A.9654481 aWingartz Plata, Óscar9528301 aGoutman, Ana962056 001050718MOaGRbGRcCTd2013-06-17iLF1l0o p39240-10r2020-06-25w2020-06-25y1ZNo se presta c38730d38730